| 000 | 00600cam a2200205 4500 | ||
|---|---|---|---|
| 008 | 000000n1996 000 0 eng u | ||
| 020 | _a0113220251 | ||
| 035 | _a(Sirsi) u104451 | ||
| 110 |
_aNHS Estates _92893 |
||
| 245 | _aCase studies : local healthcare facilities.Volume 2: | ||
| 260 |
_aLondon _bStationery Office _c1996 |
||
| 300 | _a82p. : ill. ; 30cm. | ||
| 350 | _a50.00 | ||
| 490 |
_aHealth Building Note _v36 |
||
| 650 | _aHEALTH CENTRES | ||
| 650 | _aDOCTORS' SURGERIES | ||
| 650 | _aPRIMARY HEALTHCARE CENTRES | ||
| 690 | _aBUILT ENVIRONMENT-CONSTRUCTION DESIGN | ||
| 942 | _n0 | ||
| 999 |
_c100255 _d100255 |
||